[Event "Tourn. n9585"]
[Site "www.chess-mail.com"]
[Date "2017.12.31"]
[Round "1"]
[White "Osopanda"]
[Black "Dussek"]
[WhiteElo "1650"]
[BlackElo "1820"]
[Result "0-1"]
[Round "1"]
1.d4 Ng8f6
2.c4 g6
3.Nb1c3 d5
4.Ng1f3 Bf8g7
5.e3 O-O
6.cxd5 Nf6xd5
7.Bf1d3 Bc8g4
8.O-O c6
9.Rf1e1 Nb8d7
10.Qd1b3 Nd7b6
11.Nc3xd5 cxd5
12.Nf3e5 Bg4e6
13.a4 Qd8c7
14.Bc1d2 Bg7xe5
15.dxe5 Qc7xe5
16.Bd2c3 Qe5d6
17.a5 d4
18.Qb3b4 Qd6d7
19.Bc3xd4 Nb6d5
20.Qb4d2 a6
21.Bd3e2 Ra8c8
22.Be2f3 Rc8c4
23.Re1c1 Rf8c8
24.Rc1xc4 Rc8xc4
25.Bd4b6 Nd5xb6
26.Qd2xd7 Nb6xd7
27.Bf3xb7 Nd7c5
28.Bb7f3 Nc5b3
29.Ra1d1 Nb3xa5
30.h4 Rc4xh4
31.g3 Rh4b4
32.Rd1a1 Rb4b5
33.b4 Na5b3
34.Ra1xa6 Rb5xb4
35.Kg2 Nb3d2
36.Bf3e2 Be6d5
37.f3 e6
38.e4 Bd5c4
39.Be2xc4 Nd2xc4
{ resign }
0-1

[Event "Tourn. n9571"]
[Site "www.chess-mail.com"]
[Date "2017.12.31"]
[Round "1"]
[White "Libiesse"]
[Black "Osopanda"]
[WhiteElo "1820"]
[BlackElo "1620"]
[Result "1-0"]
[Round "1"]
1.d4 d5
2.c4 c6
3.cxd5 cxd5
4.Nb1c3 e6
5.Ng1f3 Nb8c6
6.Bc1g5 Ng8f6
7.e3 Bf8e7
8.Bf1d3 O-O
9.O-O a6
10.Bd3c2 b5
11.a3 Bc8b7
12.b4 Ra8c8
13.Qd1d3 g6
14.Bg5h6 Rf8e8
15.h4 Nf6g4
16.Bh6g5 Be7xg5
17.Nf3xg5 e5
18.Qd3e2 f5
19.Ra1c1 exd4
20.Nc3d1 dxe3
21.fxe3 d4
22.Bc2b3 Kg7
23.Ng5e6 Re8xe6
24.Bb3xe6 Rc8c7
25.Be6xf5 gxf5
26.Rf1xf5 Ng4xe3
27.Nd1xe3 dxe3
28.Qe2g4 Kh8
29.Rc1d1 Qd8g8
30.Rf5g5 Rc7g7
31.Rg5xg7 Qg8xg7
32.Qg4xg7 Kxg7
33.Rd1d7 Kf6
34.Rd7xb7 Nc6d4
35.Kf1 e2
36.Ke1 Ke5
37.Rb7xh7 Kf4
38.Rh7d7 Ke3
39.Rd7xd4 Kxd4
40.Kxe2 Ke4
41.g3 { resign }
1-0

[Event "Tourn. n9586"]
[Site "www.chess-mail.com"]
[Date "2017.12.31"]
[Round "1"]
[White "Ditto"]
[Black "Jackbauer"]
[WhiteElo "1850"]
[BlackElo "1930"]
[Result "1-0"]
[Round "1"]
1.d4 d5
2.Ng1f3 Nb8c6
3.Bc1f4 e6
4.e3 a6
5.c3 Bf8d6
6.Bf4g5 Bd6e7
7.Bg5f4 h6
8.c4 Be7b4
9.Nb1d2 Ng8f6
10.c5 O-O
11.Bf1d3 b6
12.cxb6 cxb6
13.O-O Rf8e8
14.Nd2b3 b5
15.Bd3c2 Bc8d7
16.Qd1d3 Nf6e4
17.Nb3d2 Bb4xd2
18.Nf3xd2 Nc6b4
19.Qd3b3 a5
20.Nd2xe4 Ra8c8
21.Ne4c5 Qd8e7
22.Bc2b1 Bd7c6
23.a3 f6
24.axb4 a4
25.Qb3d1 e5
26.dxe5 fxe5
27.Bf4g3 g5
28.Qd1h5 Qe7g7
29.Bb1f5 Qg7f6
30.Bf5xc8 Re8xc8
31.Qh5g4 Rc8d8
32.Ra1c1 e4
33.Qg4e6 Qf6xe6
34.Nc5xe6 { resign }
1-0

[Event "Tourn. n9657"]
[Site "www.chess-mail.com"]
[Date "2017.12.31"]
[Round "1"]
[White "Picifarkinca"]
[Black "Falcoale"]
[WhiteElo "1650"]
[BlackElo "1870"]
[Result "0-1"]
[Round "1"]
1.d4 Ng8f6
2.Bc1g5 e6
3.e4 h6
4.Bg5xf6 Qd8xf6
5.e5 Qf6g5
6.h4 Qg5d8
7.Ng1f3 Bf8e7
8.Bf1d3 b6
9.Bd3e4 c6
10.Nb1c3 Bc8a6
11.Qd1d2 b5
12.g4 d5
13.Be4d3 Nb8d7
14.O-O-O Ra8b8
15.g5 Qd8b6
16.Kb1 Be7b4
17.gxh6 Rh8xh6
18.Qd2g5 Bb4xc3
19.bxc3 b4
20.Qg5xg7 bxc3
{ resign }
0-1

[Event "Tourn. n9623"]
[Site "www.chess-mail.com"]
[Date "2017.12.31"]
[Round "1"]
[White "Azulmarino"]
[Black "Llcervello"]
[WhiteElo "1650"]
[BlackElo "1660"]
[Result "0-1"]
[Round "1"]
1.e4 e5
2.Ng1f3 f6
3.Bf1c4 Ng8e7
4.Nb1c3 c6
5.d3 b5
6.Bc4b3 g5
7.Bc1xg5 fxg5
8.Nf3xg5 Qd8b6
9.Qd1g4 Bf8h6
10.Qg4h5 Kd8
11.Ng5f7 Kc7
12.Qh5xe5 d6
13.Qe5xd6 Kb7
14.Nf7xh8 Bh6f8
15.Nh8f7 a5
16.Nf7d8 Ka6
 { time }
0-1

[Event "Tourn. n9679"]
[Site "www.chess-mail.com"]
[Date "2017.12.31"]
[Round "1"]
[White "Francesco"]
[Black "Apdash"]
[WhiteElo "2130"]
[BlackElo "2250"]
[Result "1/2-1/2"]
[Round "1"]
1.e4 e6
2.d4 c6
3.c4 d5
4.exd5 cxd5
5.cxd5 exd5
6.Nb1c3 Nb8c6
7.Ng1f3 Bc8g4
8.Bf1e2 Ng8f6
9.Bc1g5 Bf8e7
10.O-O O-O
11.h3 Bg4h5
{ draw }
1/2-1/2

[Event "Tourn. n9662"]
[Site "www.chess-mail.com"]
[Date "2017.12.31"]
[Round "1"]
[White "Fantomas"]
[Black "Francesco"]
[WhiteElo "2220"]
[BlackElo "2090"]
[Result "1-0"]
[Round "1"]
1.e4 c6
2.d4 d5
3.e5 Bc8f5
4.Bf1d3 Bf5xd3
5.Qd1xd3 e6
6.Ng1f3 Nb8d7
7.Bc1e3 c5
8.dxc5 Qd8a5
9.c3 Nd7xc5
10.Qd3e2 Nc5d7
11.O-O Ng8e7
12.Be3f4 Ne7g6
13.Bf4g3 Bf8e7
14.Nf3d4 O-O
15.Nb1d2 Ra8c8
16.f4 Qa5b6
17.Ra1b1 Be7c5
18.Nd2b3 Ng6e7
19.Nb3xc5 Nd7xc5
20.Kh1 Nc5e4
21.Bg3f2 Qb6a5
22.a3 a6
23.Nd4b3 Qa5c7
24.Nb3d2 Ne4c5
25.Bf2g1 b5
26.Rf1f3 Ne7g6
27.Bg1e3 Ng6h4
28.Rf3h3 Nh4g6
29.Nd2f3 Nc5e4
30.Nf3d2 Ne4c5
31.Rh3g3 Ng6h4
32.Rg3g4 Nh4f5
33.Be3f2 Qc7e7
34.Qe2f3 Nf5h6
35.Rg4h4 Nh6f5
36.Rh4h3 Nf5h6
37.Bf2h4 Qe7c7
38.Bh4f6 Nh6f5
39.Qf3h5 Nf5h6
40.Bf6xg7 { resign }
1-0

[Event "Match"]
[Site "www.echecsemail.com"]
[Date "2017.12.31"]
[Round "1"]
[White "Caspito"]
[Black "Apdash"]
[WhiteElo "1890"]
[BlackElo "2330"]
[Result "0-1"]
[Round "1"]
1.e4 c5
2.b3 Nb8c6
3.Bc1b2 e5
4.Ng1f3 d6
5.Bf1b5 Bc8d7
6.Bb5xc6 Bd7xc6
7.d3 Qd8d7
8.O-O f5
9.Nb1d2 Ng8f6
10.Nf3h4 fxe4
11.dxe4 Nf6xe4
12.Nd2c4 Bf8e7
13.Qd1h5 Kd8
14.Ra1d1 Ne4f6
15.Qh5g5 Nf6d5
16.Qg5xg7 Kc7
17.Nh4f3 Ra8g8
18.Qg7f7 Rg8xg2
19.Kxg2 Nd5f4
20.Kh1 Bc6xf3
{ resign }
0-1

[Event "Match"]
[Site "www.echecsemail.com"]
[Date "2017.12.31"]
[Round "1"]
[White "Menace"]
[Black "Markos123"]
[WhiteElo "2260"]
[BlackElo "1910"]
[Result "1-0"]
[Round "1"]
1.e4 e5
2.f4 d6
3.Ng1f3 exf4
4.Bf1c4 Bc8g4
5.O-O Bf8e7
6.d4 Ng8f6
7.Bc1xf4 h6
8.Nb1d2 O-O
9.c3 Nb8c6
{ time. }
1-0

[Event "Match"]
[Site "www.echecsemail.com"]
[Date "2017.12.31"]
[Round "1"]
[White "Gidi5"]
[Black "Apdash"]
[WhiteElo "2340"]
[BlackElo "2330"]
[Result "0-1"]
[Round "1"]
1.e4 e5
2.Ng1f3 Nb8c6
3.Bf1c4 Bf8c5
4.c3 d6
5.d4 exd4
6.cxd4 Bc5b4
7.Bc1d2 Bb4xd2
8.Qd1xd2 Ng8f6
9.Nb1c3 Bc8g4
10.Qd2g5 O-O
11.e5 dxe5
12.dxe5 h6
13.Qg5f4 Rf8e8
14.O-O Bg4xf3
15.exf6 Bf3h5
16.Nc3d5 Ra8c8
17.g4 Bh5g6
18.Ra1d1 Re8e4
19.Qf4xe4 Bg6xe4
20.Nd5e7 Kf8
21.Rd1xd8 Rc8xd8
22.Rf1e1 Rd8d4
23.fxg7 Kxg7
24.Ne7xc6 Be4xc6
25.Bc4e2 Rd4d2
26.Be2c4 Rd2xb2
27.f3 Bc6xf3
28.Re1e7 Bf3xg4
29.Re7xf7 Kg6
30.Rf7xc7 Kg5
31.Bc4d5 Rb2d2
32.Bd5b3 Bg4f3
33.Rc7g7 Kh4
34.Rg7g3 Bf3d5
35.Rg3g7 Bd5c6
36.Rg7g6 h5
37.Rg6g3 Rd2d4
38.Kf2 Rd4d2
39.Kg1 a5
40.a4 Rd2d4
41.Kf2 Bc6xa4
{ resign }
0-1

[Event "Match"]
[Site "www.echecsemail.com"]
[Date "2017.12.31"]
[Round "1"]
[White "Chessington"]
[Black "Vgrynyuk"]
[WhiteElo "2790"]
[BlackElo "2730"]
[Result "1/2-1/2"]
[Round "1"]
1.Ng1f3 Ng8f6
2.b3 g6
3.Bc1b2 Bf8g7
4.g3 O-O
5.Bf1g2 d6
6.d4 Nb8d7
7.O-O e5
8.dxe5 Nf6g4
9.Qd1d2 Ng4xe5
10.Nf3xe5 Bg7xe5
11.c4 c6
12.Nb1c3 Nd7c5
13.b4 Nc5d7
14.Ra1c1 Nd7b6
15.Nc3e4 Bc8f5
16.Bb2xe5 dxe5
17.Ne4d6 Nb6c8
18.c5 a6
19.a4 Nc8xd6
20.cxd6 Bf5e6
21.Rc1c5 f6
22.f4 exf4
23.Rf1xf4 Rf8f7
24.Rf4e4 Be6d7
25.Re4d4 Kg7
26.Qd2c3 Qd8b6
27.Rd4d2 Ra8e8
28.Qc3d4 Qb6d8
29.Bg2f3 Re8e6
30.Kf2 Qd8e8
31.b5 axb5
32.axb5 Re6e5
33.bxc6 bxc6
34.Rc5c3 h5
35.Rc3c4 g5
36.h4 g4
37.Bf3g2 Rf7f8
38.Rc4c1 Qe8a8
39.Rc1a1 Re5a5
40.Ra1xa5 Qa8xa5
41.Bg2e4 Rf8b8
42.Be4c2 { draw }
1/2-1/2

[Event "Match"]
[Site "www.echecsemail.com"]
[Date "2017.12.31"]
[Round "1"]
[White "Witpar"]
[Black "Coolant"]
[WhiteElo "2750"]
[BlackElo "2360"]
[Result "1-0"]
[Round "1"]
1.d4 f5
2.g3 Ng8f6
3.Bf1g2 g6
4.Ng1h3 Bf8g7
5.Nh3f4 O-O
6.h4 d6
7.d5 c6
8.h5 Kf7
9.Nb1c3 cxd5
10.Nc3xd5 Nb8c6
11.hxg6 hxg6
12.Nd5xf6 Kxf6
13.e4 Rf8h8
14.Rh1xh8 Qd8xh8
15.exf5 Bc8xf5
16.g4 Bf5d7
17.c3 Qh8h4
18.g5 Kf7
19.Qd1b3 { resign }
1-0

[Event "1/128 Finale"]
[Site "www.chess-mail.com"]
[Date "2017.12.31"]
[Round "1"]
[White "Bojan"]
[Black "Redapond1"]
[WhiteElo "2020"]
[BlackElo "1660"]
[Result "0-1"]
[Round "1"]
1.e4 e5
2.Ng1f3 Nb8c6
3.d4 exd4
4.Nf3xd4 Nc6xd4
5.Qd1xd4 b6
6.Bf1c4 Qd8f6
7.Bc1e3 Qf6xd4
8.Be3xd4 Bc8b7
9.f3 O-O-O
10.Bc4xf7 Ng8h6
11.Bf7c4 d5
12.exd5 Bb7xd5
13.Bc4a6 Bd5b7
14.Ba6xb7 Kxb7
15.Bd4c3 Bf8c5
16.Nb1d2 Rh8e8
17.Kf1 Nh6f5
18.Nd2e4 g6
19.Ne4xc5 bxc5
20.Kf2 Nf5d4
21.Ra1d1 Re8e2
22.Kg3 Re2xc2
23.Kh3 Rd8d5
24.Rd1e1 Rd5h5
25.Kg4 Rc2xg2
26.Kf4 Rh5h4
27.Ke3 Nd4c2
28.Kd3 c4
{ resign }
0-1

[Event "Tourn. n9623"]
[Site "www.chess-mail.com"]
[Date "2018.01.01"]
[Round "1"]
[White "Azulmarino"]
[Black "Pachi"]
[WhiteElo "1650"]
[BlackElo "1640"]
[Result "0-1"]
[Round "1"]
1.e4 e5
2.Ng1f3 d6
3.Bf1c4 Bc8e6
4.Bc4e2 Be6g4
5.h3 Bg4xf3
6.Be2xf3 g6
7.Nb1c3 Bf8g7
8.Nc3d5 c6
9.Nd5c3 f5
10.d3 fxe4
11.Bf3xe4 d5
12.Be4f3 Ng8e7
13.Bc1g5 O-O
14.Qd1d2 Rf8f5
15.h4 Nb8a6
16.Bf3g4 Rf5f8
 { time }
0-1

[Event "Tourn. n9667"]
[Site "www.chess-mail.com"]
[Date "2018.01.01"]
[Round "1"]
[White "Bojan"]
[Black "Apdash"]
[WhiteElo "2100"]
[BlackElo "2250"]
[Result "1-0"]
[Round "1"]
1.e4 e6
2.e5 d5
3.exd6 Bf8xd6
4.g3 c6
5.Bf1g2 Ng8f6
6.d3 h5
7.Ng1f3 Qd8c7
8.Bc1d2 b6
9.Nf3g5 h4
10.Qd1f3 hxg3
11.Nb1c3 gxf2
12.Qf3xf2 Rh8xh2
13.O-O-O Bc8b7
14.Nc3e4 Nf6xe4
15.Ng5xe4 Bd6e5
16.d4 Rh2xh1
17.Rd1xh1 Be5f6
18.Ne4xf6 gxf6
19.Qf2xf6 Qc7e7
20.Rh1h8 Kd7
21.Qf6g7 Nb8a6
22.Bd2g5 Qe7xg5
23.Qg7xg5 Ra8xh8
24.Qg5g7 Rh8e8
25.Qg7xf7 Re8e7
26.Qf7f4 Na6c7
27.c4 Re7g7
28.Bg2e4 Rg7e7
29.Kc2 a5
30.Kc3 Nc7a6
31.a3 Na6c7
32.b4 axb4
33.Kxb4 Re7g7
34.a4 Rg7e7
35.a5 b5
36.Be4d3 Nc7a6
37.Kb3 Na6c7
38.c5 Nc7d5
39.Qf4d6 Ke8
40.Bd3g6 Kf8
41.Qd6d8 Kg7
42.Bg6e4 Re7f7
43.Qd8d6 Rf7f6
44.a6 Bb7xa6
45.Qd6xc6 { resign }
1-0

[Event "Tourn. n9656"]
[Site "www.chess-mail.com"]
[Date "2018.01.01"]
[Round "1"]
[White "Hansen"]
[Black "Begory"]
[WhiteElo "1520"]
[BlackElo "1570"]
[Result "1-0"]
[Round "1"]
1.e3 d5
2.Nb1c3 Ng8f6
3.h3 Bc8f5
4.f3 Nb8c6
5.Ng1e2 Nc6b4
6.Ne2d4 Bf5g6
7.g4 Nb4xc2
8.Nd4xc2 e6
9.Nc2d4 Bf8c5
10.Nd4b3 Bc5b6
11.g5 Nf6d7
12.Bf1b5 c6
13.Bb5e2 O-O
14.h4 f6
15.f4 f5
16.h5 Bg6e8
17.a4 Bb6a5
18.Nc3a2 Be8f7
19.Nb3d4 Nd7b6
20.h6 g6
21.b4 Ba5xb4
22.Nd4b3 Bb4d6
23.a5 Nb6d7
24.Nb3d4 c5
25.Nd4b5 Nd7b8
26.Ra1b1 Bd6e7
27.Nb5c3 c4
28.Rb1xb7 Be7c5
29.Nc3b5 Qd8c8
30.a6 Bc5b6
31.Nb5d6 Qc8c6
32.Bc1a3 Nb8xa6
33.Na2b4 Qc6xd6
34.Nb4c2 Qd6c6
35.Rb7e7 Rf8e8
36.Nc2d4 Bb6xd4
37.exd4 Re8xe7
38.Ba3xe7 Qc6c7
39.Be7a3 Qc7b6
40.O-O Qb6xd4
41.Kh1 Ra8c8
42.Qd1a4 Qd4xd2
43.Be2f3 Qd2xf4
44.Qa4c2 Qf4xg5
45.Ba3c1 Qg5xh6
46.Kg2 Na6c5
47.Bc1xh6 Rc8b8
48.Qc2a2 a6
49.Qa2a5 Rb8b2
50.Kg3 Rb2b8
51.Qa5c7 { resign }
1-0

[Event "Tourn. n9607"]
[Site "www.chess-mail.com"]
[Date "2018.01.01"]
[Round "1"]
[White "Passaroa25"]
[Black "Dussek"]
[WhiteElo "1730"]
[BlackElo "1850"]
[Result "0-1"]
[Round "1"]
1.e4 e6
2.Ng1e2 d5
3.Ne2g3 d4
4.f3 Nb8c6
5.a3 e5
6.d3 Ng8f6
7.Nb1d2 Bc8e6
8.Bf1e2 Bf8e7
9.O-O h5
10.Ng3f5 Rh8g8
11.Nd2c4 Be6xf5
12.exf5 Nf6d5
13.Bc1d2 Be7g5
14.Qd1c1 Bg5xd2
15.Qc1xd2 Qd8f6
16.g4 Nd5f4
17.Be2d1 h4
18.Kh1 O-O-O
19.Qd2c1 h3
20.Kg1 Qf6h4
21.Qc1d2 f6
22.Qd2f2 Qh4g5
23.Qf2g3 g6
24.Kf2 gxf5
25.b4 b5
26.Nc4d2 Nc6e7
27.Nd2b3 fxg4
28.Qg3xg4 Qg5xg4
29.fxg4 f5
30.Rf1g1 Nf4g2
31.Rg1xg2 hxg2
32.Kxg2 fxg4
33.Kg3 Ne7f5
34.Kg2 Nf5e3
35.Kh1 Ne3xd1
36.Ra1xd1 g3
37.Nb3a5 gxh2
38.Kxh2 Rg8g7
39.Rd1g1 Rd8h8

0-1

[Event "Tourn. n9615"]
[Site "www.chess-mail.com"]
[Date "2018.01.01"]
[Round "1"]
[White "Gearoidmac"]
[Black "Comrade"]
[WhiteElo "2340"]
[BlackElo "2340"]
[Result "1-0"]
[Round "1"]
1.e4 c5
2.Ng1f3 Nb8c6
3.d4 cxd4
4.Nf3xd4 d6
5.Nb1c3 g6
6.Bc1e3 Bf8g7
7.Qd1d2 Ng8f6
8.O-O-O Nc6xd4
9.Be3xd4 Bc8d7
10.Nc3d5 Nf6h5
11.Bd4xg7 Nh5xg7
12.Qd2h6 O-O
13.h4 Bd7c6
14.Bf1d3 e6
15.h5 e5
16.hxg6 fxg6
17.Bd3c4 Rf8xf2
18.Qh6xh7 Kf7
19.Nd5f4 Kf6
20.Qh7xg6 Ke7
21.Qg6xg7 { resign }
1-0

[Event "Tourn. n9660"]
[Site "www.chess-mail.com"]
[Date "2018.01.01"]
[Round "1"]
[White "Mitja"]
[Black "Apdash"]
[WhiteElo "2060"]
[BlackElo "2230"]
[Result "1/2-1/2"]
[Round "1"]
1.d4 d5
2.e3 e6
3.c3 Ng8f6
4.Ng1f3 c5
5.dxc5 Bf8xc5
6.Nb1d2 Nb8c6
7.Nd2b3 b6
8.Nb3xc5 bxc5
9.b3 Qd8a5
10.Bc1b2 Nf6e4
11.Qd1c2 O-O
12.Bf1e2 Bc8a6
13.Be2xa6 Qa5xa6
14.c4 Qa6a5
15.Nf3d2 Nc6b4
16.Qc2b1 Ne4xd2
17.Kxd2 dxc4
18.bxc4 Rf8d8
19.Ke2 Nb4d3
20.Rh1d1 Nd3xb2
21.Qb1xb2 Rd8b8
22.Qb2c2 Rb8b4
23.a3 Rb4b7
24.Kf1 g6
25.Qc2e4 Ra8b8
26.g3 Rb7b2
27.Qe4d3 Qa5c7
28.Rd1b1 Qc7c6
29.Kg1 Qc6f3
30.Rb1xb2 Rb8xb2
31.Ra1f1 h5
32.h4 Qf3e2
33.Qd3xe2 Rb2xe2
34.Rf1b1 Re2c2
35.Rb1b7 Rc2xc4
36.Rb7xa7 Rc4c1
37.Kg2 c4
38.Ra7c7 Kg7
39.a4 c3
40.a5 c2
41.a6 Rc1a1
42.Rc7xc2 Ra1xa6
43.f4 f5
44.Kf3 Kf6
45.Rc2d2 e5
46.fxe5 Kxe5
47.Rd2d4 Ra6a1
48.Kf2 Ra1a6
49.Rd4b4 Ra6c6
50.Rb4d4 Ke6
{ draw }
1/2-1/2

[Event "Tourn. n9613"]
[Site "www.chess-mail.com"]
[Date "2018.01.01"]
[Round "1"]
[White "Cal"]
[Black "Julian"]
[WhiteElo "1700"]
[BlackElo "1630"]
[Result "0-1"]
[Round "1"]
1.c4 e5
2.a3 Ng8f6
3.d3 d5
4.Nb1c3 d4
5.Nc3a2 c5
6.Ng1f3 Nb8c6
7.h3 Bc8f5
8.e3 Bf8e7
9.Bf1e2 O-O
10.b3 dxe3
11.fxe3 e4
12.Nf3h2 exd3
13.Be2f3 Nf6e4
14.Bc1d2 Be7f6
15.g4 Bf5g6
16.Nh2f1 Ne4xd2
17.Nf1xd2 Rf8e8
18.e4 Bf6xa1
19.Qd1xa1 Nc6d4
20.Bf3g2 Nd4c2
{ resign }
0-1

[Event "Tourn. n9602"]
[Site "www.chess-mail.com"]
[Date "2018.01.01"]
[Round "1"]
[White "Falcoale"]
[Black "Hundegana"]
[WhiteElo "2000"]
[BlackElo "2060"]
[Result "1-0"]
[Round "1"]
1.e4 c5
2.Ng1f3 e6
3.Nb1c3 a6
4.d4 cxd4
5.Nf3xd4 Bf8c5
6.Nd4b3 Bc5a7
7.Bf1d3 Nb8c6
8.O-O h5
9.a3 Ng8e7
10.Bc1d2 g6
11.Qd1e1 e5
12.Kh1 d6
13.f4 Bc8e6
14.f5 Be6xb3
15.cxb3 Nc6d4
16.fxg6 Ne7xg6
17.Ra1d1 Nd4xb3
18.Nc3d5 Nb3xd2
19.Qe1xd2 Ng6f4
20.Nd5xf4 exf4
21.Rf1xf4 Ra8c8
22.Rd1f1 Rc8c7
23.Qd2e2 h4
24.Bd3c4 Rh8h7
25.Qe2g4 Rc7xc4
26.Qg4g8 Kd7
27.Qg8xh7 Kc6
28.Qh7xf7 Rc4c2
29.Qf7d5 Kc7
30.Rf4f7 Kb8
31.Rf7f8 Qd8xf8
32.Rf1xf8 Kc7
33.Rf8f7 Kb6
34.Qd5xb7 Ka5
35.Qb7b4 { resign }
1-0

[Event "Tourn. n9582"]
[Site "www.chess-mail.com"]
[Date "2018.01.01"]
[Round "1"]
[White "Greghghs"]
[Black "Vaido12"]
[WhiteElo "2570"]
[BlackElo "2500"]
[Result "1/2-1/2"]
[Round "1"]
1.d4 d5
2.c4 c6
3.Nb1c3 Ng8f6
4.cxd5 cxd5
5.Bc1f4 Qd8b6
6.e3 Bc8g4
7.Bf1b5 Nb8c6
8.Ng1e2 e6
9.O-O Bf8e7
10.Bb5d3 a6
11.f3 Bg4h5
12.Ra1c1 Bh5g6
13.Bd3xg6 hxg6
14.Nc3a4 Qb6a7
15.h3 Ra8c8
16.Rc1c3 O-O
17.Qd1b3 b5
18.Rf1c1 g5
19.Bf4h2 Nc6a5
20.Rc3xc8 Na5xb3
21.Rc1c7 Rf8xc8
22.Rc7xa7 Nb3d2
23.Na4c3 Be7b4
24.Ra7c7 Rc8xc7
25.Bh2xc7 Nf6d7
26.Kf2 { draw }
1/2-1/2

[Event "Tourn. n9623"]
[Site "www.chess-mail.com"]
[Date "2018.01.01"]
[Round "1"]
[White "Mozgegorov"]
[Black "Azulmarino"]
[WhiteElo "1729"]
[BlackElo "1670"]
[Result "1-0"]
[Round "1"]
1.e4 e5
2.Ng1f3 Nb8c6
3.Bf1c4 Bf8c5
4.d3 Qd8f6
5.Nb1c3 h6
6.a3 d6
7.Nc3d5 Qf6d8
8.h3 Ng8f6
9.c3 Nf6xd5
10.Bc4xd5 Bc8d7
11.b4 Bc5b6
12.Bc1d2 h5
13.Bd2g5 f6
14.Bg5e3 Bb6xe3
15.fxe3 b5
16.Qd1b3 a6
17.Bd5f7 Kf8
18.Bf7g6  { time }
1-0

[Event "Tourn. n9647"]
[Site "www.chess-mail.com"]
[Date "2018.01.01"]
[Round "1"]
[White "Amaya"]
[Black "Vios"]
[WhiteElo "2140"]
[BlackElo "2290"]
[Result "0-1"]
[Round "1"]
1.d4 e6
2.e3 c5
3.c3 Ng8f6
4.Bf1d3 b6
5.f4 Bc8b7
6.Ng1f3 Bf8e7
7.Nb1d2 O-O
8.O-O d5
9.Nf3e5 Nb8d7
10.Qd1f3 Ra8c8
11.a3 Rc8c7
12.g4 g6
13.h4 Nd7xe5
14.fxe5 Nf6e4
15.Nd2xe4 dxe4
16.Bd3xe4 Bb7xe4
17.Qf3xe4 Be7xh4
18.Rf1f3 f5
19.exf6 Rf8xf6
20.Bc1d2 Rf6xf3
21.Qe4xf3 Rc7f7
22.Qf3c6 Qd8f6
23.Qc6g2 Bh4f2
24.Kh1 Qf6h4
{ resign }
0-1

[Event "Tourn. n9620"]
[Site "www.chess-mail.com"]
[Date "2018.01.01"]
[Round "1"]
[White "Apdash"]
[Black "Sachpat"]
[WhiteElo "2330"]
[BlackElo "2780"]
[Result "0-1"]
[Round "1"]
1.e4 c5
2.Ng1f3 d6
3.d4 cxd4
4.Nf3xd4 Ng8f6
5.f3 Nb8c6
6.c3 a6
7.Bc1e3 e5
8.Nd4xc6 bxc6
9.Qd1c2 d5
10.Nb1d2 Bf8d6
11.exd5 cxd5
12.Bf1d3 O-O
13.Be3g5 h6
14.Bg5h4 Bc8e6
15.O-O Qd8b6
16.Kh1 Nf6h5
17.Bh4f2 Qb6b7
18.Bd3f5 Be6xf5
19.Qc2xf5 Qb7xb2
20.Qf5xh5 Qb2xd2
21.f4 Qd2xc3
22.Ra1c1 Qc3b2
23.fxe5 Qb2xe5
24.Qh5h3 Qe5e6
25.Qh3d3 Bd6e5
26.Rf1e1 f6
27.Re1e3 Ra8c8
28.Rc1e1 d4
29.Re3e4 Qe6d5
30.Re4g4 f5
31.Rg4g6 Rc8c3
32.Qd3xa6 d3
33.Bf2e3 d2
34.Be3xd2 Qd5xd2
35.Re1f1 Rc3c1
36.g3 Qd2d5
{ resign }
0-1

[Event "Tourn. n9638"]
[Site "www.chess-mail.com"]
[Date "2018.01.01"]
[Round "1"]
[White "Passaroa25"]
[Black "Roque1"]
[WhiteElo "1680"]
[BlackElo "1890"]
[Result "1-0"]
[Round "1"]
1.Ng1f3 e6
2.Nb1c3 d5
3.d4 Nb8c6
4.e3 Bc8d7
5.Bc1d2 Bf8d6
6.a3 Ng8f6
7.h3 O-O
8.Nc3e2 Nf6e4
9.c3 Nc6e7
10.Ne2f4 Ne7f5
11.Bf1e2  { time }
1-0

[Event "Tourn. n9617"]
[Site "www.chess-mail.com"]
[Date "2018.01.01"]
[Round "1"]
[White "Seger"]
[Black "Apdash"]
[WhiteElo "2770"]
[BlackElo "2310"]
[Result "1-0"]
[Round "1"]
1.e4 d5
2.exd5 Qd8xd5
3.Nb1c3 Qd5d8
4.d4 Ng8f6
5.Ng1f3 Bc8g4
6.h3 Bg4h5
7.g4 Bh5g6
8.Nf3e5 Nb8d7
9.Ne5xg6 hxg6
10.g5 Nf6h5
11.d5 a6
12.Bc1e3 c6
13.dxc6 bxc6
14.Qd1d2 Qd8c7
15.O-O-O e5
16.Bf1c4 Bf8b4
17.a3 Bb4xc3
18.Qd2xc3 O-O
19.Qc3d3 Nd7b6
20.Be3xb6 Qc7b7
21.Bb6c5 Rf8b8
22.Qd3c3 Rb8e8
23.Rh1e1 e4
24.Qc3d4 Ra8b8
25.Re1e3 Kh7
26.Re3b3 Qb7c8
27.Bc4xf7 Nh5f4
28.Qd4d6 Rb8xb3
29.cxb3 Nf4d3
30.Rd1xd3 exd3
31.Qd6xg6 Kh8
32.Qg6h5 { resign }
1-0

[Event "Tourn. n9668"]
[Site "www.chess-mail.com"]
[Date "2018.01.01"]
[Round "1"]
[White "Attatroll"]
[Black "Geretree"]
[WhiteElo "1940"]
[BlackElo "1960"]
[Result "1-0"]
[Round "1"]
1.e4 e5
2.Ng1f3 Nb8c6
3.d4 d6
4.dxe5 Bc8g4
5.exd6 Qd8xd6
6.Qd1xd6 Bf8xd6
7.Bf1b5 Ng8e7
8.e5 Bd6xe5
{ time. }
1-0

[Event "Tourn. n9556"]
[Site "www.chess-mail.com"]
[Date "2018.01.01"]
[Round "1"]
[White "Prize64"]
[Black "Churrasca"]
[WhiteElo "1900"]
[BlackElo "1990"]
[Result "1-0"]
[Round "1"]
1.e4 c5
2.Ng1f3 d6
3.d4 cxd4
4.Nf3xd4 Ng8f6
5.f3 a6
6.c4 e6
7.Nb1c3 Bf8e7
8.Bc1e3 O-O
9.Qd1d2 Nb8c6
10.Ra1c1 Bc8d7
11.Bf1e2 Nc6e5
12.b3 h6
13.O-O Ra8c8
14.h3 Ne5g6
15.Qd2e1 Nf6h5
16.f4 Be7h4
17.Qe1d2 Nh5xf4
18.Be3xf4 Ng6xf4
19.Qd2xf4 e5
20.Qf4f3 exd4
21.Nc3d5 Bd7e6
22.Nd5f4 Bh4g5
23.Rc1d1 Qd8f6
24.Nf4h5 Qf6xf3
25.Be2xf3 Bg5e3
26.Kh1 b5
27.Nh5g3 bxc4
28.bxc4 Be6xc4
29.Bf3e2 Bc4xe2
30.Ng3xe2 Rc8c2
31.Ne2xd4 Rc2xa2
32.Nd4f5 Be3c5
33.Nf5xd6 Rf8d8
34.Nd6b7  { time }
1-0

[Event "Tourn. n9579"]
[Site "www.chess-mail.com"]
[Date "2018.01.01"]
[Round "1"]
[White "Julian"]
[Black "Pachi"]
[WhiteElo "1530"]
[BlackElo "1640"]
[Result "0-1"]
[Round "1"]
1.e4 e5
2.Ng1f3 d6
3.d4 f6
4.Bf1c4 Ng8h6
5.Nb1c3 Nb8c6
6.O-O Bc8g4
7.h3 Bg4xf3
8.gxf3 Nc6xd4
9.Bc1e3 Nd4c6
10.Qd1d5 Qd8d7
11.Ra1e1 Nc6b4
12.Qd5xb7 Ra8c8
13.Qb7xb4 d5
14.Bc4b5 c6
15.Qb4a4 cxb5
16.Qa4xb5 Qd7xb5
17.Nc3xb5 Rc8xc2
18.exd5 Rc2xb2
19.Nb5xa7 Rb2xa2
20.Na7c6 Nh6f5
21.Re1b1 Ra2a8
22.Rb1b7 g5
23.Rf1b1 Bf8d6
24.Kg2 h5
25.Rb7a7 Nf5h4
26.Kg3 e4
27.f4 Nh4f5
28.Kg2 Ra8c8
29.Rb1b7 gxf4
30.Be3b6 e3
31.fxe3 Nf5xe3
32.Bb6xe3 fxe3
33.Kf3 Bd6c5
34.Ra7a2 h4
35.Nc6a7 Rc8d8
36.Ke4 Rh8h5
37.Ra2g2 Rh5e5
38.Kf4 e2
39.Na7c6 e1Q
40.Nc6xd8 Qe1e4
{ resign }
0-1

[Event "Match"]
[Site "www.echecsemail.com"]
[Date "2018.01.01"]
[Round "1"]
[White "Geodad5"]
[Black "Pinehill"]
[WhiteElo "2140"]
[BlackElo "2070"]
[Result "1-0"]
[Round "1"]
1.e4 d5
2.exd5 Ng8f6
3.Nb1c3 g6
4.Ng1f3 Bf8g7
5.d4 Nb8d7
6.Bf1e2 Nd7b6
7.O-O Nb6xd5
8.Nc3xd5 Nf6xd5
9.c4 Nd5b6
10.a4 Bc8f5
11.a5 Nb6d7
12.Bc1e3 c6
13.Qd1d2 Qd8c7
14.Ra1c1 Ra8d8
15.b4 O-O
16.d5 Nd7e5
17.Be3xa7 Qc7d7
18.Ba7b6 Ne5xf3
19.Be2xf3 Rd8c8
20.Qd2e2 cxd5
21.Bf3xd5 e6
22.Bd5f3 Qd7d3
23.c5 e5
24.Rf1d1 Qd3b3
25.Bf3xb7 Rc8b8
26.a6 Qb3xb4
27.Bb6c7 Rb8xb7
28.axb7 Qb4xb7
29.Bc7d6 Rf8d8
30.c6 Qb7c8
31.f3 e4
32.c7 Rd8xd6
33.Rd1xd6 Bg7f8
34.Rd6d8 { resign }
1-0

[Event "Match"]
[Site "www.echecsemail.com"]
[Date "2018.01.01"]
[Round "1"]
[White "Joaodelisboa"]
[Black "Jopesilo"]
[WhiteElo "2140"]
[BlackElo "2049"]
[Result "0-1"]
[Round "1"]
1.e4 c5
2.Ng1f3 Nb8c6
3.d4 cxd4
4.Nf3xd4 Ng8f6
5.Nb1c3 d6
6.Bf1b5 Bc8d7
7.O-O e6
8.Bc1g5 Bf8e7
9.Rf1e1 O-O
10.Nd4xc6 Bd7xc6
11.Bb5xc6 bxc6
12.Ra1b1 h6
13.Bg5h4 Qd8c7
14.Qd1e2 Ra8b8
15.Kh1 a5
16.a3 Rb8b7
17.e5 dxe5
18.Qe2xe5 Be7d6
19.Qe5d4 Nf6d5
20.Bh4g3 Bd6xg3
21.hxg3 Rf8d8
22.Re1d1 e5
23.Qd4d3 Rd8d7
24.Qd3f3 Nd5xc3
25.Qf3xc3 Rb7b5
26.Rd1xd7 Qc7xd7
27.Rb1e1 f6
28.Re1e4 Qd7d5
29.Re4c4 Rb5xb2
30.Rc4xc6 Qd5d1
{ resign }
0-1

[Event "Match"]
[Site "www.echecsemail.com"]
[Date "2018.01.01"]
[Round "1"]
[White "Stevep84"]
[Black "Joseph1983"]
[WhiteElo "2210"]
[BlackElo "2170"]
[Result "1-0"]
[Round "1"]
1.e4 c5
2.Ng1f3 e6
3.d4 cxd4
4.Nf3xd4 a6
5.Bf1d3 Nb8c6
6.Nd4xc6 bxc6
7.O-O d5
8.Nb1d2 g6
9.b3 Bf8g7
10.Ra1b1 Qd8a5
11.Bc1b2 Bg7xb2
12.Rb1xb2 Ng8f6
13.Qd1e2 O-O
14.e5 Nf6d7
15.f4 Nd7c5
16.Nd2f3 Qa5c7
17.Nf3g5 h6
18.Ng5h3 a5
19.Qe2g4 Nc5xd3
20.cxd3 Bc8a6
21.Rf1f3 Qc7b6
22.Kh1 Qb6d4
23.Rb2d2 Qd4a1
24.Nh3g1 a4
25.Rf3h3 Kg7
26.Qg4e2 axb3
27.axb3 Rf8b8
28.Rd2b2 c5
29.Qe2d2 c4
30.f5 h5
31.f6 Kh7
32.Rh3xh5 { resign }
1-0

[Event "Match"]
[Site "www.echecsemail.com"]
[Date "2018.01.01"]
[Round "1"]
[White "Apdash"]
[Black "Traub"]
[WhiteElo "2190"]
[BlackElo "1410"]
[Result "1-0"]
[Round "1"]
1.e4 e6
2.f4 d5
3.exd5 Qd8xd5
4.Ng1f3 c5
5.Nb1c3 Qd5d8
6.d3 Nb8c6
7.Bf1e2 Ng8f6
8.O-O a6
9.Kh1 Nc6d4
10.Bc1e3 Nd4xe2
11.Qd1xe2 b5
12.Nc3e4 Nf6d5
13.Be3xc5 Bf8xc5
14.Ne4xc5 Nd5xf4
15.Qe2e4 Qd8d5
16.Qe4xf4 e5
{ time. }
1-0